|
|
|
|
| LEADER |
00000cam a2200000 a 4500 |
| 001 |
64149 |
| 003 |
CZ-ZlUTB |
| 005 |
20240829150136.0 |
| 007 |
ta |
| 008 |
120119s2012 xr e f 001 0 cze |
| 015 |
|
|
|a cnb002276457
|
| 020 |
|
|
|a 9788071789994
|q (brož.)
|
| 035 |
|
|
|a (OCoLC)796016596
|
| 040 |
|
|
|a ABA001
|b cze
|d ZLD002
|
| 072 |
|
7 |
|a 37.09
|x Organizace výuky a vzdělávání
|2 Konspekt
|9 22
|
| 080 |
|
|
|a 373-028.82
|2 MRF
|
| 080 |
|
|
|a 37.0:001.895
|2 MRF
|
| 080 |
|
|
|a (035)
|2 MRF
|
| 100 |
1 |
|
|a Průcha, Jan,
|d 1934-
|7 jk01101419
|4 aut
|
| 245 |
1 |
0 |
|a Alternativní školy a inovace ve vzdělávání /
|c Jan Průcha
|
| 250 |
|
|
|a 3., aktualiz. vyd.
|
| 260 |
|
|
|a Praha :
|b Portál,
|c 2012
|
| 300 |
|
|
|a 191 s. ;
|c 23 cm
|
| 504 |
|
|
|a Obsahuje bibliografii, bibliografické odkazy a rejstříky
|
| 650 |
0 |
7 |
|a alternativní školy
|7 ph114032
|2 czenas
|
| 650 |
0 |
7 |
|a inovace ve vzdělávání
|7 ph242427
|2 czenas
|
| 650 |
0 |
9 |
|a alternative schools
|2 eczenas
|
| 650 |
0 |
9 |
|a educational innovations
|2 eczenas
|
| 655 |
|
7 |
|a příručky
|7 fd133209
|2 czenas
|
| 655 |
|
9 |
|a handbooks, manuals, etc
|2 eczenas
|
| 910 |
|
|
|a ZLD002
|
| 928 |
1 |
|
|a Portál
|
| 952 |
|
|
|0 0
|1 0
|4 0
|6 37PRŮCHAJ
|7 0
|8 BOOK
|9 116429
|a UTBZL
|b UTBZL
|c 005
|d 2012-05-07
|l 9
|o 37/PRŮCHA,J.
|p 420010144247
|r 2024-01-03 00:00:00
|s 2023-12-11
|v 275.00
|w 2019-08-26
|x N:nákup; | 20100831
|y 01
|
| 952 |
|
|
|0 0
|1 0
|2 udc
|4 0
|6 37PRŮCHAJ
|7 0
|8 BOOK
|9 116430
|a UTBZL
|b UTBZL
|c 006
|d 2012-05-07
|l 80
|m 28
|o 37/PRŮCHA,J.
|p 420010144248
|r 2026-04-17 15:23:42
|s 2026-02-28
|v 275.00
|w 2019-08-26
|x N:nákup; | 20100831
|y 04
|
| 952 |
|
|
|0 0
|1 0
|4 0
|6 37PRŮCHAJ
|7 0
|8 BOOK
|9 116431
|a UTBZL
|b UTBZL
|c 006
|d 2012-05-07
|l 75
|m 25
|o 37/PRŮCHA,J.
|p 420010144249
|r 2026-04-28 13:30:24
|s 2026-02-19
|v 275.00
|w 2019-08-26
|x N:nákup; | 20100831
|y 04
|
| 952 |
|
|
|0 0
|1 0
|2 udc
|4 0
|6 37PRŮCHAJ
|7 0
|8 BOOK
|9 116432
|a UTBZL
|b UTBZL
|c 006
|d 2014-08-01
|l 57
|m 25
|o 37/PRŮCHA,J.
|p 420010155623
|q 2026-06-08
|r 2026-04-09 09:26:04
|s 2026-04-09
|v 275.00
|w 2019-08-26
|x N:nákup, převod z FaMe Chromjaková19.4.2016; | 20100831
|y 04
|
| 952 |
|
|
|0 0
|1 0
|4 0
|6 37PRŮCHAJ
|7 0
|8 BOOK
|9 116433
|a UTBZL
|b UTBZL
|c 006
|d 2014-08-01
|l 19
|m 14
|o 37/PRŮCHA,J.
|p 420010155622
|q 2026-05-18
|r 2026-04-16 11:41:21
|s 2026-04-16
|v 275.00
|w 2019-08-26
|x N:nákup; Převod FaME: Felicita Chromjaková, 30.5.2022 | 20100831
|y 04
|
| 952 |
|
|
|0 0
|1 0
|4 0
|6 37PRŮCHAJ
|7 0
|8 BOOK
|9 116434
|a UTBZL
|b UTBZL
|c 019
|d 2014-12-09
|l 1
|m 3
|o 37/PRŮCHA,J.
|p 420010157430
|q 2027-06-01
|r 2019-08-26 00:00:00
|v 275.00
|w 2019-08-26
|x N:nákup;
|y 08
|
| 952 |
|
|
|0 1
|1 0
|2 udc
|4 0
|6 37PRŮCHAJ
|7 0
|8 BOOK
|9 116435
|a UTBZL
|b UTBZL
|c 019
|d 2015-01-30
|l 1
|o 37/PRŮCHA,J.
|p 420010157494
|r 2019-08-26 00:00:00
|v 275.00
|w 2019-08-26
|x opotřebované
|y 08
|
| 952 |
|
|
|0 0
|1 0
|4 0
|6 37PRŮCHAJ
|7 0
|8 BOOK
|9 116436
|a UTBZL
|b UTBZL
|c 019
|d 2015-01-30
|l 1
|m 1
|o 37/PRŮCHA,J.
|p 420010157495
|q 2028-12-31
|r 2019-08-26 00:00:00
|v 275.00
|w 2019-08-26
|x N:nákup | 20100831
|y 08
|
| 952 |
|
|
|0 0
|1 0
|4 0
|6 37PRŮCHAJ
|7 0
|8 BOOK
|9 116437
|a UTBZL
|b UTBZL
|c 019
|d 2017-01-11
|l 3
|m 7
|o 37/PRŮCHA,J.
|p 420010168786
|q 2027-10-31
|r 2025-07-14 00:00:00
|s 2025-07-14
|v 275.00
|w 2019-08-26
|x N:nákup;
|y 08
|
| 992 |
|
|
|a BK
|b SK
|d 120
|
| 999 |
|
|
|c 64149
|d 64149
|